Využitie pomaly tuhnúceho spojiva do viacvrstvových tuhých krytov vozoviek

Bibliographic Details
Main Author: Grančič, Anton (Author)
Format: Article
Language:Slovak
PhysicalDescription:Lit. 2 zázn. v slov.
Subjects:

MARC

LEADER 00000nab a2200000 a 4500
001 vtls000430220
003 SK-MaSNL
005 20260303224736.0
008 120925c1990 xo 0 slo
015 |a SNBRA19rr/mm-uuuuu 
035 |a CL0430348 
040 |a SNKBUCL  |b slo  |c SNKBUCL  |e AACR2 
041 0 |a slo 
044 |a xo  |c SK 
080 |a 625.84.06  |2 1981 
100 1 |a Grančič, Anton  |4 aut  |9 515044 
245 1 0 |a Využitie pomaly tuhnúceho spojiva do viacvrstvových tuhých krytov vozoviek  |c Anton Grančič 
300 |b Lit. 2 zázn. v slov. 
650 0 7 |a vozovky  |2 snkbucl  |9 3577 
650 0 7 |a cestné spojivá  |2 snkbucl  |9 1260818 
655 7 |a články zo zborníkov  |2 snkbucl  |9 166140 
773 0 |t Rozširovanie materiálovej základne pre výstavbu ciest  |d Bratislava : Dom techniky ZSVTS, 1990 
850 |a Slovenská národná knižnica v Martine  |a MTA001 
852 |a SNK  |b KIS3GCP 
958 |a RK 
992 |a RZB 
999 |c 2253721  |d 2255651